000 00297nam a22001217a 4500
008 160523b xxu||||| |||| 00| 0 eng d
020 _a9781133954088
020 _a1133954081
041 _aeng
080 _a615
245 _aPhysics for scientists and engineers:
_cSerway Jawett;
942 _2udc
_cBK
999 _c2387
_d2387